000 00308nam a22001337a 4500
008 180918b xxu||||| |||| 00| 0 eng d
020 _a9780256146752
041 _aeng
080 _a334.7
100 _a55
101 _aMNGF
245 _aFoundations of Financial Management
_cBlock, S.B
942 _2udc
_cBK
999 _c47949
_d47949